| 000 | 01192nam0a22002891 4500 | ||
|---|---|---|---|
| 001 | rc\4307604 | ||
| 005 | 20250612043829.0 | ||
| 021 |
_aRU _b[65-65847] |
||
| 035 | _a(NLR Aleph) 008506163 | ||
| 090 |
_a8140042 _c8140042 |
||
| 100 | _a20130416d1965 |||y0rusy50 ca | ||
| 101 | 1 |
_arus _ceng |
|
| 102 | _aRU | ||
| 105 | _aab z ||||| | ||
| 200 | 1 |
_aВзаимодействие газов с поверхностями _eСборник статей _fПер. с англ. Р.Г. Баранцева и Б.В. Филиппова _gПод ред. Р.Г. Баранцева |
|
| 210 |
_aМосква _cМир _d1965 |
||
| 215 |
_a227 с. _cил., карт. _d22 |
||
| 225 | 1 | _aДинамика разреженных газов | |
| 320 | _aБиблиогр. в конце статей | ||
| 606 |
_aГазы разреженные _xВзаимодействие со стенкой _jСборники _2psbo |
||
| 702 | 1 |
_4730 _4340 _7ca _8rus _aБаранцев _bР. Г. _f1931- _gРэм Георгиевич _9160080 _3RU\NLR\AUTH\770160121 |
|
| 702 | 1 |
_aФилиппов _bБ.В. _4730 |
|
| 801 | 0 |
_aRU _bNLR _gpsbo |
|
| 801 | 1 |
_aRU _bELAR _2rusmarc |
|
| 852 |
_aNLR _j65-5/3908 |
||
| 942 | _cBOOK | ||
| 980 | _aNB | ||